• 首页
  • 本馆介绍
  • 公告通知
  • 最新文献
  • 馆藏检索
  • 电子资源
  • 读者导购
  • 参考咨询
  • 我的图书馆
  • 登录
  • 详细信息显示
  • 放入我的书架
  • 预约/预借图书
  • 作者相关作品
  • 分类相关作品
  • 丛书相关作品
  • 出版社相关作品

书目信息

  • 表格格式
  • 工作单格式
  • 卡片格式
题名:
中国教育学科年度发展报告
    
 
作者: 叶澜 主编
分册:  
出版信息: 上海   上海教育出版社  2003.11
页数: 281页
开本: 26cm
丛书名:
单 册:
中图分类: G521
科图分类:
主题词: 教育事业--世界
电子资源:
ISBN: 7-5320-9205-4
000 00631nam0 2200217 450
001 0760227910
005 20080106152403.48
010    @a7-5320-9205-4@b软精@dCNY31.00
100    @a20071121d2003 km y0chiy0120 ea
101 0  @achi
102    @aCN@b310000
200 1  @a中国教育学科年度发展报告@Azhong guo jiao yu xue ke nian du fa zhan bao gao@e2002@f叶澜主编@Fye lan zhu bian
210    @a上海@c上海教育出版社@d2003.11
215    @a281页@d26cm
517 1  @a2002
606 0  @a教育事业@x世界
690    @aG521@v4
701  0 @a叶澜@Aye lan@4主编
801  0 @aCN@bNISOFT@c20080106
905    @aBZT@dG521@e1
906    @dCNY31.00@n0@r1
    
    中国教育学科年度发展报告:2002/叶澜主编.-上海:上海教育出版社,2003.11
    281页;26cm
    
    
    ISBN 7-5320-9205-4(软精):CNY31.00
    
●
相关链接 在五车中查询图书 在当当中查询图书 在豆瓣中查询图书


正题名:中国教育学科年度发展报告     索取号:G521/1         预约/预借

序号 登录号 条形码 馆藏地/架位号 状态 备注
1 618670   2000618670   中心书库北库/ 北库030架B面1列4层29/ [索取号:G521/1] 在馆    
2 618671   2000618671   中心书库北库/ 北库030架B面1列4层30/ [索取号:G521/1] 在馆    
3 618672   2000618672   中心书库北库/ 北库030架B面1列4层31/ [索取号:G521/1] 在馆    
4 618673   2000618673   中心书库北库/ 北库030架B面1列4层32/ [索取号:G521/1] 在馆    
5 618674   2000618674   中心书库北库/ 北库030架B面1列4层23/ [索取号:G521/1] 在馆    
6 618675   2000618675   中心书库北库/ 北库030架B面1列4层24/ [索取号:G521/1] 在馆    
7 618676   2000618676   中心书库北库/ 北库030架B面1列4层25/ [索取号:G521/1] 在馆    
8 618677   2000618677   中心书库北库/ 北库030架B面1列4层26/ [索取号:G521/1] 在馆    
9 618678   2000618678   中心书库北库/ 北库030架B面1列4层27/ [索取号:G521/1] 在馆    
10 618679   2000618679   中心书库北库/ 北库030架B面1列4层28/ [索取号:G521/1] 在馆    
山东省滨州职业学院图书馆 欢迎您!
大连网信软件有限公司© 版权所有